Buen contribuyente (Registro nro. 19959)

Detalles MARC
000 -LEADER
fixed length control field 00341 a2200121 4500
001 - CONTROL NUMBER
control field ART_41392
005 - DATE AND TIME OF LATEST TRANSACTION
control field 20260410161754.0
008 - FIXED-LENGTH DATA ELEMENTS--GENERAL INFORMATION
fixed length control field 260409a
100 1# - MAIN ENTRY--PERSONAL NAME
Personal name Coronello, Silvina E.
245 10 - TITLE STATEMENT
Title Buen contribuyente
700 1# - ADDED ENTRY--PERSONAL NAME
Personal name Iglesias Araujo, Fabiana
773 0# - HOST ITEM ENTRY
Title Doctrina tributaria
Related parts - Nº 445 (abr. 2017)
Record control number REV4296

No hay ítems disponibles.